| 000 | 00738nam a22001817a 4500 | ||
|---|---|---|---|
| 999 |
_c80986 _d80986 |
||
| 008 | 201130b ||||| |||| 00| 0 eng d | ||
| 040 |
_bger _cDE-2950 _erda _aDE-2950 |
||
| 041 | _ager | ||
| 100 | _aMatschkowiak, René: | ||
| 245 |
_aSpenden für Reise-Träume. _bFreizeit: Lionsclub-Präsident Enrico Martini übergab dem Verein flexible Jugendarbeit 2500 Euro. Das Geld soll für ein Ferienangebot genutzt werden / _cRené Matschkowiak |
||
| 653 | _aFrankfurt (Oder) | ||
| 653 | _aLionsclub | ||
| 773 |
_dFrankfurt (Oder): Märkisches Verlags- und Druckhaus GmbH & Co KG _g32. Jahrgang (2021) Nr. 98 vom 28.04.2021, S. 16 _tMärkische Oderzeitung |
||
| 942 | _cA | ||